Fundamentals of software engineering (Record no. 4771)

MARC details
000 -LEADER
fixed length control field 00822cam a22003014a 4500
001 - CONTROL NUMBER
control field
003 - CONTROL NUMBER IDENTIFIER
control field OSt
005 - DATE AND TIME OF LATEST TRANSACTION
control field 20220107122803.0
008 - FIXED-LENGTH DATA ELEMENTS--GENERAL INFORMATION
fixed length control field 020530s2003 njua b 001 0 eng
010 ## - LIBRARY OF CONGRESS CONTROL NUMBER
LC control number
020 ## - INTERNATIONAL STANDARD BOOK NUMBER
International Standard Book Number 9788120322424
040 ## - CATALOGING SOURCE
Original cataloging agency
Transcribing agency IIITMK
Modifying agency
042 ## - AUTHENTICATION CODE
Authentication code
050 00 - LIBRARY OF CONGRESS CALL NUMBER
Classification number
Item number
082 00 - DEWEY DECIMAL CLASSIFICATION NUMBER
Classification number 005.1 GHE/F
Edition number
100 1# - MAIN ENTRY--PERSONAL NAME
Personal name Ghezzi, Carlo.
9 (RLIN) 7265
245 10 - TITLE STATEMENT
Title Fundamentals of software engineering
Statement of responsibility, etc. Carlo Ghezzi, Mehdi Jazayeri, Dino Mandrioli.
246 30 - VARYING FORM OF TITLE
Title proper/short title
250 ## - EDITION STATEMENT
Edition statement 2nd ed.
260 ## - PUBLICATION, DISTRIBUTION, ETC.
Place of publication, distribution, etc. Delhi,
Name of publisher, distributor, etc. PHI Learning,
Date of publication, distribution, etc. 2003.
300 ## - PHYSICAL DESCRIPTION
Extent xx, 604 p.
Other physical details
Dimensions
504 ## - BIBLIOGRAPHY, ETC. NOTE
Bibliography, etc. note Includes bibliographical references (p. 560-588) and index.
650 #0 - SUBJECT ADDED ENTRY--TOPICAL TERM
Topical term or geographic name entry element SOFTWARE ENGINEERING
9 (RLIN) 7266
700 1# - ADDED ENTRY--PERSONAL NAME
Personal name Jazayeri, Mehdi.
9 (RLIN) 7267
700 1# - ADDED ENTRY--PERSONAL NAME
Personal name Mandrioli, Dino.
9 (RLIN) 7268
942 ## - ADDED ENTRY ELEMENTS (KOHA)
Source of classification or shelving scheme Dewey Decimal Classification
Koha item type Books
Holdings
Withdrawn status Lost status Source of classification or shelving scheme Damaged status Not for loan Collection code Home library Current library Shelving location Date acquired Cost, normal purchase price Total Checkouts Full call number Barcode Date last seen Date last checked out Price effective from Koha item type
    Dewey Decimal Classification     Software Engineering Kerala University of Digital Sciences, Innovation and Technology Knowledge Centre Kerala University of Digital Sciences, Innovation and Technology Knowledge Centre Computer Science 11/06/2015 338.00 4 005.1 GHE/F 4192 12/04/2022 04/04/2022 11/06/2015 Books